Language Quiz

Random Language or Color Quiz

Color Idioms Quiz Stats

 Plays Quiz Updated May 7, 2018

Challenge
Share
Tweet
Embed
Score 0/18 Timer 05:00
8 Plays Today
% Correct
Black market
95.6%
Black as night
95%
Golden opportunity
92.9%
Feel blue
92.5%
Gray area
91.5%
Red flag
90.6%
Tickled pink
90.3%
Blue collar
89.9%
Pink slip
89.7%
% Correct
Once in a blue moon
88.9%
Yellow-bellied
87.9%
Green belt
87%
Browned off
85.3%
Red tape
85.2%
Blue ribbon
80.3%
White elephant
75.7%
Greenhorn
75.6%
Blue pencil
74.2%

You're not logged in!

Compare scores with friends on all Sporcle quizzes.
Join for Free
OR
Log In

You Might Also Like...

Show Comments

Extras

Top Quizzes Today


Score Distribution

Your Account Isn't Verified!

In order to create a playlist on Sporcle, you need to verify the email address you used during registration. Go to your Sporcle Settings to finish the process.

Report this User

Report this user for behavior that violates our Community Guidelines.

Details: